Protecting the small business tenant (Record no. 76918)

MARC details
000 -LEADER
fixed length control field 01264cab a2200193 4500
001 - CONTROL NUMBER
control field ##L133302
008 - FIXED-LENGTH DATA ELEMENTS--GENERAL INFORMATION
fixed length control field 060428n2006 000 0 eng u
035 ## - SYSTEM CONTROL NUMBER
System control number (Sirsi) u133302
041 0# - LANGUAGE CODE
Language code of text/sound track or separate title eng
100 1# - MAIN ENTRY--PERSONAL NAME
Personal name Bright, Susan
245 00 - TITLE STATEMENT
Title Protecting the small business tenant
260 ## - PUBLICATION, DISTRIBUTION, ETC.
Date of publication, distribution, etc. 2006
490 #0 - SERIES STATEMENT
Series statement Conveyancer and Property Lawyer
Volume/sequential designation 70 March/April 2006, 137-157(20)
520 ## - SUMMARY, ETC.
Summary, etc. It has emerged from recent debate that small business tenants do not always enjoy leases that best protect their commercial interests. Despite legislation to address vulnerability of commercial tenants in terms of their leases, the overall policy towards business tenancies is to largely leave things open to market forces. Under these circumstances small tenants are likely to come off the worst. This paper identifies the problems of flexible commercial leases on small businesses. It also argues that small business tenants should be recognised as consumers; enabling them to become more property aware, and therefore able to negotiate more advantageous lease terms.
590 ## - LOCAL NOTE (RLIN)
Local note IKA090506
650 24 - SUBJECT ADDED ENTRY--TOPICAL TERM
Topical term or geographic name entry element UPWARD ONLY RENT REVIEWS
690 ## - LOCAL SUBJECT ADDED ENTRY--TOPICAL TERM (OCLC, RLIN)
Topical term or geographic name as entry element PROPERTY-COMMERCIAL PROPERTY-LEASEHOLD COMMERCIAL PROPERTY-COMMERCIAL LANDLORD AND TENANT-BUSINESS TENANCIES
942 ## - ADDED ENTRY ELEMENTS (KOHA)
Suppress in OPAC 0
Holdings
Withdrawn status Lost status Source of classification or shelving scheme Damaged status Not for loan Home library Current library Shelving location Date acquired Total Checkouts Full call number Barcode Date last seen Copy number Price effective from Koha item type
    Dewey Decimal Classification     London London Journal article 28/04/2006   L133302 133302-1001 06/08/2019 1 06/08/2019 Journal article